[Event "NOR-ch Class3"]
[Site "Lillehammer"]
[Date "2013.06.29"]
[Round "2"]
[White "Lensebakken, Jonar"]
[Black "Olsen, Rolf A"]
[Result "1-0"]
[WhiteElo "1259"]
[BlackElo "1338"]
[PlyCount "113"]
[EventDate "2013.06.29"]
[EventType "swiss"]
[EventRounds "9"]
[EventCountry "NOR"]
[SourceTitle "EXT 2017"]
[Source "ChessBase"]
[SourceDate "2016.10.25"]
[SourceVersion "1"]
[SourceVersionDate "2016.10.25"]
[SourceQuality "1"]

1. d4 Nf6 2. Nf3 g6 3. Bg5 Bg7 4. e3 d6 5. Bd3 0-0 6. c3 Nbd7 7. 0-0 c5 8. Nbd2 Qc7 9. Rc1 a6 10. Ne4 c4 11. Bb1 b5 12. a3 Bb7 13. Nxf6+ Nxf6 14. Re1 Ne4 15. Bf4 Rfd8 16. Ng5 Nf6 17. h3 e5 18. Bh2 Qc6 19. Nf3 e4 20. d5 Qe8 21. Nd4 h6 22. b3 Rac8 23. Ba2 Bxd5 24. Qd2 cxb3 25. Nxb3 Bc4 26. Nd4 d5 27. f3 Nh7 28. fxe4 dxe4 29. Qf2 Rc5 30. Bxc4 Rxc4 31. Rf1 Ng5 32. Qb2 Be5 33. Bf4 Bxf4 34. Rxf4 Ne6 35. Rf6 Rd5 36. Rcf1 Nxd4 37. cxd4 Rf5 38. R1xf5 gxf5 39. Rxf5 Qe6 40. Rf4 Qc6 41. Qb3 Qe6 42. Qb1 Qc6 43. Qb3 Qe6 44. Qb1 f5 45. Qf1 Rc3 46. Rxf5 Rxa3 47. Qf4 Rc3 48. Rf6 Qe7 49. Rxa6 Rc1+ 50. Kh2 Qc7 51. Qxc7 Rxc7 52. Rxh6 Rb7 53. Rc6 b4 54. Rc1 b3 55. Kg3 Ra7 56. Rb1 Ra3 57. Kf4 1-0

[Event "NOR-ch Class3"]
[Site "Lillehammer"]
[Date "2013.06.29"]
[Round "9"]
[White "Lensebakken, Jonar"]
[Black "Stensen, Lars Asbjoern"]
[Result "0-1"]
[WhiteElo "1259"]
[BlackElo "1360"]
[PlyCount "64"]
[EventDate "2013.06.29"]
[EventType "swiss"]
[EventRounds "9"]
[EventCountry "NOR"]
[SourceTitle "EXT 2017"]
[Source "ChessBase"]
[SourceDate "2016.10.25"]
[SourceVersion "1"]
[SourceVersionDate "2016.10.25"]
[SourceQuality "1"]

1. d4 Nf6 2. Nf3 g6 3. Bg5 Bg7 4. e3 0-0 5. Bd3 Re8 6. 0-0 c6 7. Nbd2 d5 8. Ne5 Nfd7 9. Nxd7 Nxd7 10. Nf3 Qc7 11. c3 e5 12. dxe5 Nxe5 13. Bf4 Nxf3+ 14. Qxf3 Qb6 15. Rab1 f5 16. h3 a5 17. Qd1 a4 18. a3 Qc5 19. Qc2 Be6 20. Rbc1 b5 21. Rfe1 Bf7 22. Re2 Qa7 23. Kh1 Qd7 24. Rd2 Qb7 25. Bd6 Rad8 26. Bc5 Bf8 27. Bxf8 Kxf8 28. b4 axb3 29. Qxb3 Qe7 30. Qb4 Ra8 31. Qxe7+ Rxe7 32. Ra1 Rea7 0-1

[Event "Hedmark & Oppland Region-ch"]
[Site "Hamar"]
[Date "2013.04.07"]
[Round "5"]
[White "Reigstad, Erlend"]
[Black "Lensebakken, Jonar"]
[Result "0-1"]
[WhiteElo "803"]
[BlackElo "1258"]
[PlyCount "86"]
[EventDate "2013.04.06"]
[EventType "swiss"]
[EventRounds "5"]
[EventCountry "NOR"]
[SourceTitle "EXT 2024"]
[Source "ChessBase"]
[SourceDate "2023.10.10"]
[SourceVersion "1"]
[SourceVersionDate "2023.10.10"]
[SourceQuality "1"]

1. e4 c6 2. d4 d5 3. e5 Bf5 4. Nf3 e6 5. Be2 h6 6. Nfd2 Nd7 7. 0-0 Be7 8. Nc3 c5 9. dxc5 Nxe5 10. Bb5+ Nc6 11. b4 Nf6 12. Bb2 0-0 13. a3 Qc7 14. h3 a6 15. Bd3 Bxd3 16. cxd3 b6 17. Na4 b5 18. Nb6 Ra7 19. Qe2 d4 20. Rae1 a5 21. Nf3 Rd8 22. Ne5 axb4 23. Nxf7 Kxf7 24. Qxe6+ Kf8 25. axb4 Nxb4 26. Ra1 Rxa1 27. Rxa1 Bxc5 28. Na8 Qd7 29. Qb3 Qd5 30. Qa3 Nc2 31. Qa6 Nxa1 32. Qxa1 Rxa8 33. Qe1 Ra2 34. Bc1 Ra1 35. Qd2 Qb3 36. Qf4 Qd1+ 37. Kh2 Rxc1 38. Qb8+ Kf7 39. Qc7+ Kg8 40. Qc8+ Bf8 41. Qe6+ Kh8 42. Qf7 Bd6+ 43. g3 Qg1# 0-1

[Event "Hamar CC-ch"]
[Site "Hamar"]
[Date "2013.04.04"]
[Round "7"]
[White "Jotun, Jan"]
[Black "Lensebakken, Jonar"]
[Result "1-0"]
[WhiteElo "1635"]
[BlackElo "1252"]
[PlyCount "67"]
[EventDate "2013.01.03"]
[EventType "swiss"]
[EventRounds "9"]
[EventCountry "NOR"]
[SourceTitle "EXT 2024"]
[Source "ChessBase"]
[SourceDate "2023.10.10"]
[SourceVersion "1"]
[SourceVersionDate "2023.10.10"]
[SourceQuality "1"]

1. d4 Nf6 2. c4 c5 3. Nf3 cxd4 4. Nxd4 g6 5. Nc3 Bg7 6. g3 0-0 7. Bg2 Nc6 8. e3 a6 9. 0-0 Qc7 10. b3 e6 11. Bb2 Ne7 12. Rc1 Qb8 13. Ba3 d6 14. Nxe6 Bxe6 15. Bxd6 Rd8 16. Bxb8 Rxd1 17. Rfxd1 Rxb8 18. Nd5 Nexd5 19. cxd5 Bd7 20. Rc7 b6 21. e4 Rd8 22. Rb7 b5 23. Ra7 Bc8 24. Ra8 Nd7 25. f4 Nb6 26. Ra7 Bf8 27. Rc1 Nd7 28. Rac7 Nb6 29. e5 Bf5 30. d6 Bxd6 31. exd6 Rxd6 32. R7c6 Nc8 33. Rxd6 Nxd6 34. Rc6 1-0

[Event "Reykjavik op"]
[Site "Reykjavik"]
[Date "2012.03.11"]
[Round "6"]
[White "Lensebakken, Jonar"]
[Black "Steinthorsson, Felix"]
[Result "1/2-1/2"]
[WhiteElo "1643"]
[BlackElo "1298"]
[PlyCount "98"]
[EventDate "2012.03.06"]
[EventType "swiss"]
[EventRounds "9"]
[EventCountry "ISL"]
[SourceTitle "CBM 147 Extra"]
[Source "ChessBase"]
[SourceDate "2012.04.24"]
[SourceVersion "1"]
[SourceVersionDate "2012.04.24"]
[SourceQuality "1"]

1. d4 d5 2. Nf3 Nf6 3. Bg5 Bf5 4. e3 Nbd7 5. c4 c6 6. Nbd2 e6 7. Be2 Bd6 8. 0-0 h6 9. Bh4 Qc7 10. c5 Be7 11. Bg3 Qd8 12. Ne5 Nxe5 13. Bxe5 h5 14. h3 g5 15. Bxf6 Bxf6 16. Bxh5 Qc7 17. Bg4 0-0-0 18. b4 Rh4 19. Bxf5 exf5 20. Nf3 Rhh8 21. Qd3 Qd7 22. a4 g4 23. Nh2 gxh3 24. g3 Rdg8 25. b5 Kd8 26. bxc6 bxc6 27. Rfb1 Ke8 28. Rb8+ Bd8 29. Qa6 Qe6 30. Qf1 Qe4 31. Rab1 Kd7 32. R1b7+ Ke6 33. Rxa7 Bh4 34. Rbb7 Rh7 35. Re7+ Bxe7 36. a5 Rhg7 37. Qxh3 Bh4 38. Nf1 Rb8 39. Qg2 Qxg2+ 40. Kxg2 Bd8 41. a6 Rg8 42. Nd2 Rb2 43. Nf3 Bf6 44. Rc7 Ra8 45. Rxc6+ Ke7 46. Rd6 Rc2 47. Rxd5 Rxa6 48. Ng1 Ke6 49. Rd6+ Rxd6 1/2-1/2

[Event "Reykjavik op"]
[Site "Reykjavik"]
[Date "2012.03.10"]
[Round "5"]
[White "Mozelius, Peter"]
[Black "Lensebakken, Jonar"]
[Result "1-0"]
[WhiteElo "1882"]
[BlackElo "1643"]
[PlyCount "71"]
[EventDate "2012.03.06"]
[EventType "swiss"]
[EventRounds "9"]
[EventCountry "ISL"]
[SourceTitle "CBM 147 Extra"]
[Source "ChessBase"]
[SourceDate "2012.04.24"]
[SourceVersion "1"]
[SourceVersionDate "2012.04.24"]
[SourceQuality "1"]

1. Nf3 d5 2. g3 Bg4 3. Bg2 Nd7 4. h3 Bh5 5. d3 e6 6. Nbd2 Ngf6 7. 0-0 Bd6 8. Qe1 0-0 9. e4 dxe4 10. dxe4 Be7 11. e5 Nd5 12. a3 c6 13. c4 N5b6 14. b4 Bg6 15. Qe3 Qc7 16. Re1 h6 17. Qb3 Rfe8 18. c5 Nd5 19. Nc4 b5 20. Nd6 a5 21. Bb2 Bf8 22. Nd4 Be7 23. f4 Nf8 24. f5 Bh7 25. Qf3 axb4 26. fxe6 fxe6 27. Qf7+ Kh8 28. Nxe6 Nxe6 29. Qxe6 Bg8 30. Qg6 Rf8 31. axb4 Nxb4 32. Be4 Rad8 33. e6 Bxd6 34. cxd6 Rxd6 35. Qxh6+ Bh7 36. Qxh7# 1-0

[Event "Reykjavik op"]
[Site "Reykjavik"]
[Date "2012.03.06"]
[Round "1"]
[White "Edvardsson, Kristjan"]
[Black "Lensebakken, Jonar"]
[Result "1-0"]
[WhiteElo "2217"]
[BlackElo "1643"]
[PlyCount "51"]
[EventDate "2012.03.06"]
[EventType "swiss"]
[EventRounds "9"]
[EventCountry "ISL"]
[SourceTitle "CBM 147 Extra"]
[Source "ChessBase"]
[SourceDate "2012.04.24"]
[SourceVersion "1"]
[SourceVersionDate "2012.04.24"]
[SourceQuality "1"]

1. d4 Nf6 2. Nf3 d5 3. c4 c6 4. g3 Bg4 5. Bg2 e6 6. Nc3 Nbd7 7. 0-0 Be7 8. b3 0-0 9. h3 Bh5 10. Bf4 dxc4 11. bxc4 Nb6 12. g4 Bg6 13. Ne5 Nfd7 14. Nxg6 hxg6 15. Qb3 Qc8 16. Rfc1 Nf6 17. Rab1 Rd8 18. e3 Rd7 19. a4 Qd8 20. a5 Nc8 21. a6 b6 22. Bxc6 Nd6 23. c5 Rb8 24. Bxd7 Qxd7 25. cxd6 Bxd6 26. Bxd6 1-0

[Event "Hedmark & Oppland Region-ch"]
[Site "Hamar"]
[Date "2011.04.02"]
[Round "2"]
[White "Lensebakken, Jonar"]
[Black "Haukenes, Jonas"]
[Result "1-0"]
[WhiteElo "1152"]
[BlackElo "662"]
[PlyCount "37"]
[EventDate "2011.04.02"]
[EventType "swiss"]
[EventRounds "5"]
[EventCountry "NOR"]
[SourceTitle "EXT 2024"]
[Source "ChessBase"]
[SourceDate "2023.10.10"]
[SourceVersion "1"]
[SourceVersionDate "2023.10.10"]
[SourceQuality "1"]

1. d4 d5 2. Nf3 Nc6 3. Bg5 Bg4 4. e3 Nf6 5. c3 e6 6. Bd3 Bd6 7. Nbd2 0-0 8. Qc2 Be7 9. Bxf6 Bxf6 10. Bxh7+ Kh8 11. Bd3 Qd7 12. h3 Bf5 13. e4 dxe4 14. Nxe4 e5 15. Nxf6 gxf6 16. Bxf5 Qd6 17. Qd2 exd4 18. Qh6+ Kg8 19. Qh7# 1-0

[Event "Hedmark & Oppland Region-ch A&B"]
[Site "Hamar"]
[Date "2009.03.29"]
[Round "4"]
[White "Johnsen, Knut"]
[Black "Lensebakken, Jonar"]
[Result "0-1"]
[WhiteElo "1254"]
[BlackElo "1163"]
[PlyCount "44"]
[EventDate "2009.03.28"]
[EventType "swiss"]
[EventRounds "5"]
[EventCountry "NOR"]
[SourceTitle "EXT 2024"]
[Source "ChessBase"]
[SourceDate "2023.10.10"]
[SourceVersion "1"]
[SourceVersionDate "2023.10.10"]
[SourceQuality "1"]

1. e4 c6 2. Nf3 d5 3. exd5 cxd5 4. d4 Bg4 5. Nc3 Nc6 6. Be2 e6 7. Bf4 Bd6 8. Ne5 Bxe2 9. Nxe2 Nf6 10. c3 0-0 11. 0-0 Qc7 12. Nd3 Rfe8 13. Re1 e5 14. dxe5 Nxe5 15. Nxe5 Bxe5 16. Bxe5 Rxe5 17. Qd3 Rae8 18. Rad1 Qb6 19. Rd2 Ne4 20. Nd4 Nxd2 21. Rxe5 Rxe5 22. Qxd2 Qxb2 0-1